[Event "C18"]
[Site "?"]
[Date "2016.08.06"]
[Round "4.3"]
[White "Michalski, Filip"]
[Black "Zylka, Stanislaw"]
[Result "1-0"]
[LiveChessVersion "1.4.8"]
[BlackElo "2074"]
[WhiteElo "1916"]

1. d4 {[%clk 0:03:02]} d5 {[%clk 0:03:04]} 2. c4 {[%clk 0:03:02]} c6
{[%clk 0:03:05]} 3. Nc3 {[%clk 0:03:03]} Nf6 {[%clk 0:03:05]} 4. e3
{[%clk 0:03:04]} e6 {[%clk 0:03:04]} 5. Nf3 {[%clk 0:03:05]} Nbd7
{[%clk 0:03:05]} 6. Qc2 {[%clk 0:03:05]} Bd6 {[%clk 0:03:03]} 7. Bd3
{[%clk 0:03:06]} O-O {[%clk 0:03:03]} 8. O-O {[%clk 0:03:05]} dxc4
{[%clk 0:03:04]} 9. Bxc4 {[%clk 0:03:06]} b5 {[%clk 0:03:06]} 10. Bd3
{[%clk 0:03:07]} Bb7 {[%clk 0:03:05]} 11. Ng5 {[%clk 0:03:07]} h6
{[%clk 0:02:53]} 12. Nge4 {[%clk 0:03:08]} Be7 {[%clk 0:02:50]} 13. a3
{[%clk 0:03:09]} a6 {[%clk 0:02:47]} 14. b4 {[%clk 0:03:10]} e5 {[%clk 0:02:36]}
15. Nc5 {[%clk 0:02:40]} Bxc5 {[%clk 0:02:30]} 16. dxc5 {[%clk 0:02:40]} Re8
{[%clk 0:02:29]} 17. Rd1 {[%clk 0:02:36]} Qe7 {[%clk 0:02:28]} 18. Bb2
{[%clk 0:02:34]} Nf8 {[%clk 0:02:12]} 19. Ne4 {[%clk 0:02:32]} Nxe4
{[%clk 0:02:11]} 20. Bxe4 {[%clk 0:02:33]} Rad8 {[%clk 0:02:09]} 21. Rxd8
{[%clk 0:02:26]} Rxd8 {[%clk 0:02:10]} 22. Rd1 {[%clk 0:02:27]} Rxd1+
{[%clk 0:02:02]} 23. Qxd1 {[%clk 0:02:28]} g6 {[%clk 0:01:14]} 24. h3
{[%clk 0:02:26]} f5 {[%clk 0:01:09]} 25. Bc2 {[%clk 0:02:26]} Kf7
{[%clk 0:01:08]} 26. Bb3+ {[%clk 0:02:26]} Ke8 {[%clk 0:01:02]} 27. Qa1
{[%clk 0:01:52]} Nd7 {[%clk 0:00:52]} 28. a4 {[%clk 0:01:33]} Kd8
{[%clk 0:00:36]} 29. axb5 {[%clk 0:01:34]} axb5 {[%clk 0:00:27]} 30. Qa2
{[%clk 0:01:15]} Kc7 {[%clk 0:00:20]} 31. Bf7 {[%clk 0:01:02]} Nf8
{[%clk 0:00:18]} 32. Bb3 {[%clk 0:00:56]} Kb8 {[%clk 0:00:14]} 33. Qa1
{[%clk 0:00:46]} Nd7 {[%clk 0:00:15]} 34. Qd1 {[%clk 0:00:47]} Kc7
{[%clk 0:00:13]} 35. Qd2 {[%clk 0:00:41]} Bc8 {[%clk 0:00:14]} 36. Qd1
{[%clk 0:00:28]} Nf8 {[%clk 0:00:14]} 37. Qa1 {[%clk 0:00:27]} Nd7
{[%clk 0:00:15]} 38. Qa5+ {[%clk 0:00:22]} Kb7 {[%clk 0:00:16]} 39. Qa1
{[%clk 0:00:18]} g5 {[%clk 0:00:10]} 40. Qb1 {[%clk 0:00:17]} e4 {[%clk 0:00:05]}
41. Qd1 {[%clk 0:00:17]} Ne5 {[%clk 0:00:04]} 42. Bxe5 {[%clk 0:00:13]} Qxe5 43.
Qd4 {[%clk 0:00:13]} Qxd4 {[%clk 0:00:04]} 44. exd4 {[%clk 0:00:14]} Kc7
{[%clk 0:00:05]} 45. Kf1 {[%clk 0:00:13]} Kd7 46. d5 {[%clk 0:00:11]} cxd5
{[%clk 0:00:06]} 47. Bxd5 {[%clk 0:00:12]} Kc7 {[%clk 0:00:08]} 48. Ke2
{[%clk 0:00:12]} Bd7 {[%clk 0:00:07]} 49. Ke3 {[%clk 0:00:13]} Be8
{[%clk 0:00:06]} 50. Be6 {[%clk 0:00:13]} Bg6 {[%clk 0:00:06]} 51. Kd4
{[%clk 0:00:12]} f4 {[%clk 0:00:04]} 52. Bd5 {[%clk 0:00:11]} e3 {[%clk 0:00:04]}
53. fxe3 {[%clk 0:00:12]} fxe3 {[%clk 0:00:04]} 54. Kxe3 {[%clk 0:00:13]} Bb1
{[%clk 0:00:03]} 55. Kd4 {[%clk 0:00:11]} Bg6 {[%clk 0:00:03]} 56. Ke5
{[%clk 0:00:12]} Bd3 {[%clk 0:00:04]} 57. Kf6 {[%clk 0:00:12]} Bc4
{[%clk 0:00:05]} 58. Be4 {[%clk 0:00:11]} Bf1 {[%clk 0:00:05]} 59. Kg6
{[%clk 0:00:12]} Kd7 {[%clk 0:00:06]} 60. Kxh6 {[%clk 0:00:13]} Ke6
{[%clk 0:00:08]} 61. Kxg5 {[%clk 0:00:13]} Ke5 {[%clk 0:00:10]} 62. Bf3
{[%clk 0:00:14]} Bc4 {[%clk 0:00:10]} 63. h4 {[%clk 0:00:12]} Be6
{[%clk 0:00:11]} 64. h5 {[%clk 0:00:12]} Bf5 {[%clk 0:00:12]} 65. h6
{[%clk 0:00:11]} Bd3 {[%clk 0:00:13]} 66. Bc6 {[%clk 0:00:06]} Bh7
{[%clk 0:00:14]} 67. Bxb5 {[%clk 0:00:07]} Kd5 {[%clk 0:00:15]} 68. Be2
{[%clk 0:00:08]} Kc6 {[%clk 0:00:17]} 69. Kf6 {[%clk 0:00:08]} Be4
{[%clk 0:00:18]} 70. Kg7 {[%clk 0:00:09]} Bc2 {[%clk 0:00:18]} 71. h7
{[%clk 0:00:10]} Bxh7 {[%clk 0:00:18]} 72. Kxh7 {[%clk 0:00:11]} Kd5
{[%clk 0:00:19]} 73. g4 {[%clk 0:00:12]} Kc6 {[%clk 0:00:21]} 74. g5
{[%clk 0:00:13]} Kd5 {[%clk 0:00:22]} 75. g6 {[%clk 0:00:15]} Kc6
{[%clk 0:00:24]} 76. g7 {[%clk 0:00:16]} Kd5 {[%clk 0:00:25]} 77. g8=Q+
{[%clk 0:00:16]} Kc6 {[%clk 0:00:26]} 78. b5+ {[%clk 0:00:17]} Kxc5
{[%clk 0:00:28]} 79. Qc8+ {[%clk 0:00:17]} Kb6 {[%clk 0:00:29]} 80. Qc6+
{[%clk 0:00:18]} Ka5 {[%clk 0:00:31]} 81. Qa6+ {[%clk 0:00:19]} Kb4
{[%clk 0:00:32]} 82. b6 {[%clk 0:00:20]} Kc5 {[%clk 0:00:33]} 83. b7
{[%clk 0:00:20]} Kd4 {[%clk 0:00:34]} 84. b8=R {[%clk 0:00:17]} Ke3
{[%clk 0:00:35]} 85. Qd3+ {[%clk 0:00:18]} Kf2 {[%clk 0:00:36]} 86. Rf8+
{[%clk 0:00:18]} Kg1 {[%clk 0:00:37]} 87. Qg3+ {[%clk 0:00:14]} 1-0

[Event "C18"]
[Site "?"]
[Date "2016.08.06"]
[Round "4.4"]
[White "Smieszek, Wojciech"]
[Black "Delekta, Filip"]
[Result "0-1"]
[LiveChessVersion "1.4.8"]
[BlackElo "1897"]
[WhiteElo "2042"]

1. e4 {[%clk 0:03:03]} c5 {[%clk 0:03:03]} 2. Nf3 {[%clk 0:03:03]} e6
{[%clk 0:03:04]} 3. d4 {[%clk 0:03:00]} cxd4 {[%clk 0:03:05]} 4. Nxd4
{[%clk 0:03:01]} Nc6 {[%clk 0:03:06]} 5. Nc3 {[%clk 0:03:02]} Qc7
{[%clk 0:03:07]} 6. Be3 {[%clk 0:03:01]} a6 {[%clk 0:03:07]} 7. Bd3
{[%clk 0:03:01]} b5 {[%clk 0:03:08]} 8. O-O {[%clk 0:02:55]} Bb7 {[%clk 0:03:08]}
9. f4 {[%clk 0:02:34]} Nxd4 {[%clk 0:02:52]} 10. Bxd4 {[%clk 0:02:34]} Bc5
{[%clk 0:02:53]} 11. Bxc5 {[%clk 0:02:30]} Qxc5+ {[%clk 0:02:53]} 12. Kh1
{[%clk 0:02:31]} b4 {[%clk 0:02:37]} 13. Ne2 {[%clk 0:02:05]} Nf6
{[%clk 0:02:33]} 14. Ng3 {[%clk 0:02:03]} d6 {[%clk 0:02:23]} 15. c3
{[%clk 0:01:53]} bxc3 {[%clk 0:02:20]} 16. Rc1 {[%clk 0:01:54]} O-O
{[%clk 0:02:13]} 17. Rxc3 {[%clk 0:01:54]} Qa5 {[%clk 0:02:14]} 18. Qe2
{[%clk 0:01:31]} Rac8 {[%clk 0:02:02]} 19. e5 {[%clk 0:01:14]} Rxc3
{[%clk 0:01:49]} 20. bxc3 {[%clk 0:00:58]} dxe5 {[%clk 0:01:22]} 21. fxe5
{[%clk 0:00:59]} Nd7 {[%clk 0:01:23]} 22. Bxh7+ {[%clk 0:00:28]} Kxh7
{[%clk 0:01:24]} 23. Qd3+ {[%clk 0:00:29]} Kg8 24. Qxd7 Qd5 {[%clk 0:01:24]} 25.
Qxd5 {[%clk 0:00:29]} Bxd5 {[%clk 0:01:25]} 26. a4 {[%clk 0:00:17]} Rb8
{[%clk 0:01:24]} 27. Nh5 {[%clk 0:00:16]} Bc4 {[%clk 0:01:19]} 28. Rd1
{[%clk 0:00:13]} Rb3 {[%clk 0:01:13]} 29. h3 {[%clk 0:00:09]} Rxc3
{[%clk 0:01:09]} 30. Nf4 {[%clk 0:00:08]} g5 {[%clk 0:01:02]} 31. Nh5
{[%clk 0:00:08]} Kh7 {[%clk 0:00:56]} 32. Nf6+ {[%clk 0:00:06]} Kg6
{[%clk 0:00:57]} 33. g4 {[%clk 0:00:06]} Rxh3+ {[%clk 0:00:56]} 34. Kg2
{[%clk 0:00:07]} Ra3 {[%clk 0:00:56]} 35. Rd8 {[%clk 0:00:08]} Bd5+
{[%clk 0:00:45]} 36. Rc8 0-1

[Event "C18"]
[Site "?"]
[Date "2016.08.06"]
[Round "4.5"]
[White "Osinski, Emil"]
[Black "Wisniewski, Michal"]
[Result "1-0"]
[LiveChessVersion "1.4.8"]
[BlackElo "2023"]
[WhiteElo "1904"]

1. e4 {[%clk 0:03:03]} d5 {[%clk 0:03:01]} 2. Nc3 {[%clk 0:03:00]} dxe4
{[%clk 0:03:01]} 3. Nxe4 {[%clk 0:03:01]} Bf5 {[%clk 0:03:02]} 4. Ng3
{[%clk 0:03:02]} Bg6 {[%clk 0:03:04]} 5. d4 {[%clk 0:03:02]} Nf6 {[%clk 0:03:04]}
6. Be3 {[%clk 0:02:59]} e6 {[%clk 0:03:04]} 7. Bd3 {[%clk 0:02:53]} c6
{[%clk 0:03:02]} 8. Nf3 {[%clk 0:02:50]} Nbd7 {[%clk 0:03:04]} 9. O-O
{[%clk 0:02:49]} Qc7 {[%clk 0:03:05]} 10. Qe2 {[%clk 0:02:30]} Bxd3
{[%clk 0:03:02]} 11. Qxd3 {[%clk 0:02:30]} Be7 {[%clk 0:03:00]} 12. h3
{[%clk 0:02:25]} O-O {[%clk 0:02:59]} 13. Rad1 {[%clk 0:02:22]} Rad8
{[%clk 0:02:58]} 14. c4 {[%clk 0:02:04]} c5 {[%clk 0:02:53]} 15. Qc2
{[%clk 0:01:57]} cxd4 {[%clk 0:02:52]} 16. Nxd4 {[%clk 0:01:56]} a6
{[%clk 0:02:52]} 17. Nf3 {[%clk 0:01:47]} Ne5 {[%clk 0:02:20]} 18. Nxe5
{[%clk 0:01:42]} Qxe5 {[%clk 0:02:21]} 19. Rfe1 {[%clk 0:01:36]} Qa5
{[%clk 0:02:17]} 20. a3 {[%clk 0:01:32]} h6 {[%clk 0:02:09]} 21. Ne2
{[%clk 0:01:28]} Bd6 {[%clk 0:01:46]} 22. Qb3 {[%clk 0:01:23]} Be5
{[%clk 0:01:14]} 23. Bb6 {[%clk 0:01:19]} Rxd1 {[%clk 0:00:38]} 24. Bxa5
{[%clk 0:01:16]} Rxe1+ {[%clk 0:00:39]} 25. Bxe1 {[%clk 0:01:16]} Rd8
{[%clk 0:00:39]} 26. Bc3 {[%clk 0:01:13]} Bb8 {[%clk 0:00:35]} 27. Bxf6
{[%clk 0:01:10]} gxf6 {[%clk 0:00:36]} 28. g3 {[%clk 0:01:11]} Rd2
{[%clk 0:00:36]} 29. Nf4 {[%clk 0:01:02]} Be5 {[%clk 0:00:37]} 30. Qxb7
{[%clk 0:00:56]} Bd4 {[%clk 0:00:34]} 31. Qf3 {[%clk 0:00:28]} Rxb2
{[%clk 0:00:33]} 32. Nd3 {[%clk 0:00:27]} Rb1+ {[%clk 0:00:24]} 33. Kg2
{[%clk 0:00:28]} f5 {[%clk 0:00:24]} 34. g4 {[%clk 0:00:21]} fxg4
{[%clk 0:00:18]} 35. Qxg4+ {[%clk 0:00:22]} Bg7 {[%clk 0:00:19]} 36. Nf4
{[%clk 0:00:19]} Kf8 {[%clk 0:00:21]} 37. Nh5 {[%clk 0:00:16]} Bh8
{[%clk 0:00:18]} 38. c5 {[%clk 0:00:09]} Rb2 {[%clk 0:00:14]} 39. c6
{[%clk 0:00:07]} Rc2 {[%clk 0:00:15]} 40. Qb4+ {[%clk 0:00:07]} Kg8
{[%clk 0:00:15]} 41. Qb8+ {[%clk 0:00:07]} Kh7 {[%clk 0:00:16]} 42. Qb1
{[%clk 0:00:08]} 1-0

[Event "C18"]
[Site "?"]
[Date "2016.08.06"]
[Round "5.1"]
[White "Niekras, Dawid"]
[Black "Karwowski, Kacper"]
[Result "1-0"]
[LiveChessVersion "1.4.8"]
[BlackElo "2002"]
[WhiteElo "2157"]

1. e4 c5 2. Nf3 Nc6 3. d4 cxd4 4. Nxd4 e6 5. Nc3 a6 6. Nxc6 bxc6 7. e5 d6 8. exd6
Bxd6 9. Qg4 g6 10. Bd3 Nf6 11. Qe2 O-O 12. Bg5 Be7 13. O-O Qa5 14. Ne4 Nd5 15.
Bxe7 Nxe7 16. Qf3 Qe5 17. c3 Kg7 18. Rfe1 Qf5 19. Qxf5 Nxf5 20. Nc5 Rb8 21. Bxf5
gxf5 22. b4 Rd8 23. Rad1 Rd5 24. a3 a5 25. f4 axb4 26. axb4 Ra8 27. Ra1 Rb8 28.
Ra7 Kf6 29. Kf2 e5 30. fxe5+ Rxe5 31. Rxe5 Kxe5 32. Rxf7 Kd5 33. Rf8 Kc4 34. Nd7
Rb7 35. Rxc8 Rxd7 36. Rxc6+ Kb5 37. Rc5+ Ka4 38. Rxf5 Rd2+ 39. Kg3 Kb3 40. Rf3
Kc4 41. Re3 Rd6 42. h3 Rg6+ 43. Kf2 Rf6+ 44. Rf3 Rd6 45. g4 Rh6 46. Kg3 Rd6 47.
h4 Rg6 48. h5 Rd6 49. g5 Re6 50. Kg4 Re1 51. g6 Rg1+ 52. Kf5 h6 53. Kf6 Rg5 54.
g7 1-0

[Event "C18"]
[Site "?"]
[Date "2016.08.06"]
[Round "5.2"]
[White "Michalski, Filip"]
[Black "Molenda, Marcin"]
[Result "1-0"]
[LiveChessVersion "1.4.8"]
[BlackElo "2187"]
[WhiteElo "1916"]

1. d4 {[%clk 0:03:03]} d5 {[%clk 0:03:03]} 2. c4 {[%clk 0:03:04]} e6
{[%clk 0:03:05]} 3. Nc3 {[%clk 0:03:04]} Nf6 {[%clk 0:03:05]} 4. Bg5
{[%clk 0:03:04]} Bb4 {[%clk 0:03:04]} 5. cxd5 {[%clk 0:02:32]} exd5
{[%clk 0:03:04]} 6. Qc2 {[%clk 0:02:23]} Nbd7 {[%clk 0:02:49]} 7. e3
{[%clk 0:02:22]} c5 {[%clk 0:02:50]} 8. Nf3 {[%clk 0:02:16]} Qa5 {[%clk 0:02:51]}
9. Bd3 {[%clk 0:01:30]} c4 {[%clk 0:02:52]} 10. Bf5 {[%clk 0:01:13]} O-O
{[%clk 0:02:52]} 11. O-O {[%clk 0:01:07]} g6 {[%clk 0:02:50]} 12. Bxf6
{[%clk 0:00:46]} Nxf6 {[%clk 0:02:51]} 13. Bxc8 {[%clk 0:00:47]} Raxc8
{[%clk 0:02:46]} 14. a3 {[%clk 0:00:48]} Bxc3 {[%clk 0:02:46]} 15. bxc3
{[%clk 0:00:47]} Ne4 {[%clk 0:02:47]} 16. Rfc1 {[%clk 0:00:45]} b5
{[%clk 0:02:45]} 17. Nd2 {[%clk 0:00:45]} Nxd2 {[%clk 0:02:31]} 18. Qxd2
{[%clk 0:00:46]} Rfe8 {[%clk 0:02:32]} 19. Qc2 {[%clk 0:00:43]} Re6
{[%clk 0:02:21]} 20. a4 {[%clk 0:00:43]} b4 {[%clk 0:02:19]} 21. cxb4
{[%clk 0:00:38]} Qxb4 {[%clk 0:02:19]} 22. Rab1 {[%clk 0:00:39]} Qe7
{[%clk 0:02:05]} 23. Rb5 {[%clk 0:00:38]} Qd7 {[%clk 0:01:51]} 24. Rcb1
{[%clk 0:00:39]} Ra6 {[%clk 0:01:39]} 25. h3 {[%clk 0:00:24]} Kg7
{[%clk 0:01:41]} 26. R1b2 {[%clk 0:00:15]} c3 {[%clk 0:01:29]} 27. Rb1
{[%clk 0:00:11]} Rc4 {[%clk 0:01:30]} 28. a5 {[%clk 0:00:07]} Qd8
{[%clk 0:01:19]} 29. R1b4 {[%clk 0:00:04]} Rxb4 {[%clk 0:00:59]} 30. Rxb4
{[%clk 0:00:05]} Qc7 {[%clk 0:01:01]} 31. Rb5 {[%clk 0:00:06]} Qc4
{[%clk 0:00:55]} 32. Rc5 {[%clk 0:00:07]} Qb4 {[%clk 0:00:50]} 33. Qxc3
{[%clk 0:00:08]} Qxc3 {[%clk 0:00:51]} 34. Rxc3 {[%clk 0:00:09]} Rxa5
{[%clk 0:00:53]} 35. Kf1 {[%clk 0:00:08]} Kf6 36. Ke2 Ra2+ {[%clk 0:00:50]} 37.
Kf3 {[%clk 0:00:10]} g5 {[%clk 0:00:49]} 38. Rc5 {[%clk 0:00:11]} Ke6
{[%clk 0:00:46]} 39. Rc6+ {[%clk 0:00:12]} Kf5 {[%clk 0:00:46]} 40. g4# 1-0

[Event "C18"]
[Site "?"]
[Date "2016.08.06"]
[Round "5.3"]
[White "Piotrowski, Przemyslaw"]
[Black "Jarmula, Lukasz"]
[Result "1-0"]
[LiveChessVersion "1.4.8"]
[BlackElo "2162"]
[WhiteElo "2131"]

1. d4 {[%clk 0:03:03]} Nf6 {[%clk 0:03:01]} 2. Nf3 {[%clk 0:03:04]} g6
{[%clk 0:03:04]} 3. g3 {[%clk 0:03:05]} Bg7 {[%clk 0:03:06]} 4. Bg2
{[%clk 0:03:06]} O-O {[%clk 0:03:06]} 5. O-O {[%clk 0:03:07]} d6 {[%clk 0:03:07]}
6. c4 {[%clk 0:03:08]} Nc6 {[%clk 0:03:08]} 7. Nc3 {[%clk 0:03:09]} e5
{[%clk 0:03:08]} 8. dxe5 {[%clk 0:02:59]} Nxe5 {[%clk 0:03:02]} 9. Nxe5
{[%clk 0:02:30]} dxe5 {[%clk 0:03:03]} 10. Bg5 {[%clk 0:02:30]} Qe8
{[%clk 0:02:49]} 11. Qb3 {[%clk 0:02:21]} c6 {[%clk 0:02:40]} 12. Rad1
{[%clk 0:02:21]} h6 {[%clk 0:02:30]} 13. Bxf6 {[%clk 0:02:21]} Bxf6
{[%clk 0:02:31]} 14. Ne4 {[%clk 0:02:22]} Bg7 {[%clk 0:02:28]} 15. Nd6
{[%clk 0:02:18]} Qe7 {[%clk 0:02:29]} 16. c5 {[%clk 0:02:13]} Kh7
{[%clk 0:02:10]} 17. Rd2 {[%clk 0:02:08]} f5 {[%clk 0:01:33]} 18. Rfd1
{[%clk 0:02:07]} e4 {[%clk 0:01:29]} 19. Nxc8 {[%clk 0:02:05]} Raxc8
{[%clk 0:01:29]} 20. Rd7 {[%clk 0:02:06]} Qf6 {[%clk 0:00:57]} 21. Qxb7
{[%clk 0:02:01]} Rb8 {[%clk 0:00:54]} 22. Qxa7 {[%clk 0:01:58]} Rxb2
{[%clk 0:00:43]} 23. Rxg7+ {[%clk 0:01:57]} Qxg7 {[%clk 0:00:43]} 24. Rd7
{[%clk 0:01:58]} Rb1+ {[%clk 0:00:33]} 25. Bf1 {[%clk 0:01:59]} Rg8
{[%clk 0:00:34]} 26. Kg2 {[%clk 0:01:53]} Rb2 {[%clk 0:00:08]} 27. a4
{[%clk 0:01:44]} Kh8 {[%clk 0:00:06]} 28. Rxg7 {[%clk 0:01:41]} Rxg7
{[%clk 0:00:07]} 29. Qa8+ {[%clk 0:01:42]} Kh7 {[%clk 0:00:06]} 30. e3
{[%clk 0:01:38]} Rd7 {[%clk 0:00:05]} 31. Bc4 {[%clk 0:01:37]} Rg7
{[%clk 0:00:04]} 32. a5 {[%clk 0:01:38]} Rb4 {[%clk 0:00:03]} 33. Be6
{[%clk 0:01:37]} Ra4 {[%clk 0:00:03]} 34. a6 {[%clk 0:01:37]} 1-0

[Event "C18"]
[Site "?"]
[Date "2016.08.06"]
[Round "5.4"]
[White "Osinski, Emil"]
[Black "Szostko, Jakub"]
[Result "1-0"]
[LiveChessVersion "1.4.8"]
[BlackElo "2157"]
[WhiteElo "1904"]

1. d4 {[%clk 0:03:03]} Nf6 {[%clk 0:03:03]} 2. c4 {[%clk 0:03:03]} g6
{[%clk 0:03:05]} 3. Nc3 {[%clk 0:03:04]} Bg7 {[%clk 0:03:06]} 4. Nf3
{[%clk 0:03:04]} O-O {[%clk 0:03:07]} 5. g3 {[%clk 0:03:05]} d6 {[%clk 0:03:08]}
6. Bg2 {[%clk 0:03:05]} Nc6 {[%clk 0:03:09]} 7. O-O a6 8. e4 {[%clk 0:02:59]} Bg4
{[%clk 0:03:11]} 9. Be3 {[%clk 0:02:58]} Nd7 {[%clk 0:03:11]} 10. h3
{[%clk 0:02:54]} Bxf3 {[%clk 0:03:12]} 11. Bxf3 {[%clk 0:02:55]} e5
{[%clk 0:03:13]} 12. d5 {[%clk 0:02:50]} Nd4 {[%clk 0:03:14]} 13. Bg2
{[%clk 0:02:43]} c5 {[%clk 0:03:14]} 14. f4 {[%clk 0:02:09]} f5 {[%clk 0:03:11]}
15. Kh2 {[%clk 0:01:54]} Rb8 {[%clk 0:02:57]} 16. a4 {[%clk 0:01:54]} Qb6
{[%clk 0:02:57]} 17. Rf2 {[%clk 0:01:43]} Qb4 {[%clk 0:02:55]} 18. Qd3
{[%clk 0:01:36]} Rbe8 {[%clk 0:02:31]} 19. Raf1 {[%clk 0:01:21]} Nb6
{[%clk 0:02:29]} 20. fxe5 {[%clk 0:01:13]} Bxe5 {[%clk 0:02:26]} 21. Bh6
{[%clk 0:00:55]} Rf7 {[%clk 0:02:24]} 22. exf5 {[%clk 0:00:46]} Nxf5
{[%clk 0:02:22]} 23. Rxf5 {[%clk 0:00:31]} Rxf5 {[%clk 0:02:02]} 24. Rxf5
{[%clk 0:00:31]} gxf5 {[%clk 0:02:01]} 25. Qxf5 {[%clk 0:00:29]} Qxb2
{[%clk 0:01:51]} 26. Ne4 {[%clk 0:00:28]} Qe2 {[%clk 0:00:35]} 27. Ng5
{[%clk 0:00:17]} Bxg3+ {[%clk 0:00:36]} 28. Kxg3 {[%clk 0:00:18]} Qe5+
{[%clk 0:00:38]} 29. Qxe5 {[%clk 0:00:17]} Rxe5 {[%clk 0:00:39]} 30. Nf3
{[%clk 0:00:12]} Re4 {[%clk 0:00:39]} 31. Bf1 {[%clk 0:00:08]} Nxa4
{[%clk 0:00:25]} 32. Bf4 Nb2 {[%clk 0:00:19]} 33. Bxd6 {[%clk 0:00:09]} Nxc4
{[%clk 0:00:15]} 34. Bxc5 {[%clk 0:00:10]} Ne3 {[%clk 0:00:15]} 35. Bd3
{[%clk 0:00:08]} Re8 {[%clk 0:00:12]} 36. d6 {[%clk 0:00:07]} Rd8
{[%clk 0:00:06]} 37. Bxe3 Rxd6 38. Bc4+ {[%clk 0:00:07]} Kh8 {[%clk 0:00:06]} 39.
Bd4+ {[%clk 0:00:07]} Rxd4 {[%clk 0:00:05]} 40. Nxd4 b5 41. Bb3 {[%clk 0:00:09]}
Kg7 {[%clk 0:00:07]} 42. Kf4 Kh6 43. Kg4 {[%clk 0:00:11]} Kg6 {[%clk 0:00:08]}
44. Nc6 {[%clk 0:00:11]} Kf6 {[%clk 0:00:09]} 45. Bd5 {[%clk 0:00:09]} Kg7
{[%clk 0:00:08]} 46. Kg5 {[%clk 0:00:09]} Kh8 {[%clk 0:00:06]} 47. Kh6
{[%clk 0:00:06]} b4 {[%clk 0:00:07]} 48. Nxb4 a5 49. Nc6 a4 50. Nb4
{[%clk 0:00:06]} a3 {[%clk 0:00:11]} 51. Be4 {[%clk 0:00:07]} Kg8
{[%clk 0:00:10]} 52. Bxh7+ {[%clk 0:00:08]} Kh8 {[%clk 0:00:11]} 53. Bd3
{[%clk 0:00:09]} Kg8 {[%clk 0:00:12]} 54. Kg6 {[%clk 0:00:10]} Kh8 55. h4 Kg8
{[%clk 0:00:15]} 56. h5 {[%clk 0:00:12]} Kh8 {[%clk 0:00:16]} 57. Bb1
{[%clk 0:00:11]} Kg8 {[%clk 0:00:17]} 58. Nc6 {[%clk 0:00:12]} Kh8
{[%clk 0:00:18]} 59. Ne5 a2 60. Nf7+ {[%clk 0:00:12]} Kg8 {[%clk 0:00:21]} 61.
Bxa2 {[%clk 0:00:13]} Kf8 {[%clk 0:00:21]} 62. h6 1-0

[Event "C18"]
[Site "?"]
[Date "2016.08.06"]
[Round "5.5"]
[White "Kanicki, Krzysztof"]
[Black "Putlak, Wojciech"]
[Result "1/2-1/2"]
[LiveChessVersion "1.4.8"]
[BlackElo "1939"]
[WhiteElo "2067"]

1. e4 {[%clk 0:03:03]} c5 {[%clk 0:03:01]} 2. Nf3 {[%clk 0:03:05]} d6
{[%clk 0:03:02]} 3. d4 {[%clk 0:03:06]} cxd4 {[%clk 0:03:03]} 4. Nxd4
{[%clk 0:03:07]} Nf6 {[%clk 0:03:04]} 5. Nc3 {[%clk 0:03:09]} a6 {[%clk 0:03:05]}
6. Be3 {[%clk 0:03:10]} Nc6 {[%clk 0:03:06]} 7. f3 {[%clk 0:03:10]} e6
{[%clk 0:03:05]} 8. Qd2 {[%clk 0:03:11]} Be7 {[%clk 0:03:06]} 9. g4
{[%clk 0:03:12]} Qc7 {[%clk 0:03:02]} 10. O-O-O {[%clk 0:03:05]} b5
{[%clk 0:02:59]} 11. g5 {[%clk 0:03:04]} Nd7 {[%clk 0:02:59]} 12. h4
{[%clk 0:03:00]} Bb7 {[%clk 0:02:59]} 13. Kb1 {[%clk 0:02:58]} Nce5
{[%clk 0:02:56]} 14. Qf2 {[%clk 0:02:15]} Nc4 {[%clk 0:02:48]} 15. Bxc4
{[%clk 0:02:15]} Qxc4 {[%clk 0:02:49]} 16. h5 {[%clk 0:02:12]} Ne5
{[%clk 0:02:41]} 17. Qg2 {[%clk 0:01:56]} O-O-O {[%clk 0:02:37]} 18. Nb3
{[%clk 0:01:36]} Qc7 {[%clk 0:02:31]} 19. Qf2 {[%clk 0:01:34]} Nc4
{[%clk 0:02:31]} 20. Bc1 {[%clk 0:01:31]} Qb6 {[%clk 0:02:18]} 21. Qxb6
{[%clk 0:01:30]} Nxb6 {[%clk 0:02:18]} 22. Na5 {[%clk 0:01:29]} Ba8
{[%clk 0:02:12]} 23. Be3 {[%clk 0:01:28]} Kc7 {[%clk 0:02:02]} 24. a3
{[%clk 0:01:27]} d5 {[%clk 0:01:42]} 25. exd5 {[%clk 0:01:27]} Nxd5
{[%clk 0:01:42]} 26. Nxd5+ {[%clk 0:01:25]} Bxd5 {[%clk 0:01:37]} 27. Rhf1
{[%clk 0:01:21]} f6 {[%clk 0:01:14]} 28. h6 {[%clk 0:00:44]} gxh6
{[%clk 0:01:09]} 29. gxf6 {[%clk 0:00:43]} Bxf6 {[%clk 0:01:08]} 30. Bxh6
{[%clk 0:00:44]} Rhg8 {[%clk 0:01:05]} 31. Rc1 {[%clk 0:00:29]} Rg6
{[%clk 0:00:59]} 32. Be3 {[%clk 0:00:28]} Be5 {[%clk 0:00:52]} 33. c4
{[%clk 0:00:29]} bxc4 {[%clk 0:00:48]} 34. Nxc4 {[%clk 0:00:30]} Bxc4
{[%clk 0:00:47]} 35. Rxc4+ {[%clk 0:00:31]} Kd6 {[%clk 0:00:37]} 36. Rd1+
{[%clk 0:00:23]} Ke7 {[%clk 0:00:39]} 37. Bc5+ {[%clk 0:00:20]} Ke8
{[%clk 0:00:39]} 38. Rxd8+ {[%clk 0:00:19]} Kxd8 {[%clk 0:00:40]} 39. Re4
{[%clk 0:00:20]} Bc7 {[%clk 0:00:39]} 40. Kc2 {[%clk 0:00:18]} h5
{[%clk 0:00:39]} 41. Kd3 {[%clk 0:00:19]} Rh6 {[%clk 0:00:36]} 42. Bf2
{[%clk 0:00:17]} Kd7 {[%clk 0:00:35]} 43. b4 {[%clk 0:00:18]} Bd8
{[%clk 0:00:36]} 44. Bh4 {[%clk 0:00:17]} Bxh4 {[%clk 0:00:36]} 45. Rxh4
{[%clk 0:00:18]} e5 {[%clk 0:00:33]} 46. Ke4 {[%clk 0:00:18]} Ke6
{[%clk 0:00:34]} 47. a4 {[%clk 0:00:16]} Rh8 {[%clk 0:00:31]} 48. b5
{[%clk 0:00:17]} axb5 {[%clk 0:00:29]} 49. axb5 {[%clk 0:00:18]} Kf6
{[%clk 0:00:24]} 50. f4 {[%clk 0:00:11]} exf4 {[%clk 0:00:24]} 51. Kxf4
{[%clk 0:00:12]} Kg6 {[%clk 0:00:20]} 52. Rh1 {[%clk 0:00:11]} Rb8
{[%clk 0:00:19]} 53. Rb1 {[%clk 0:00:11]} Kf6 {[%clk 0:00:20]} 54. Rb2
{[%clk 0:00:11]} Ke6 {[%clk 0:00:18]} 55. Kg5 {[%clk 0:00:12]} Kd5
{[%clk 0:00:18]} 56. Kxh5 {[%clk 0:00:13]} Kc5 {[%clk 0:00:20]} 57. b6
{[%clk 0:00:14]} Rxb6 {[%clk 0:00:21]} 58. Rxb6 {[%clk 0:00:15]} Kxb6
{[%clk 0:00:22]} 1/2-1/2

[Event "C18"]
[Site "?"]
[Date "2016.08.06"]
[Round "6.1"]
[White "Karwowski, Kacper"]
[Black "Niekras, Dawid"]
[Result "1-0"]
[LiveChessVersion "1.4.8"]
[BlackElo "2157"]
[WhiteElo "2002"]

1. e4 c5 2. Nf3 d6 3. d3 g6 4. g3 Bg7 5. Bg2 Nc6 6. O-O b5 7. e5 dxe5 8. Be3 e4
9. Ng5 Bxb2 10. Nd2 Bxa1 11. Qxa1 Nf6 12. Ndxe4 Bd7 13. Nxf6+ exf6 14. Ne4 Nd4
15. Bxd4 cxd4 16. Qxd4 Kf8 17. Nxf6 Be6 18. Qc5+ Kg7 19. Bxa8 Qxf6 20. Bg2 Rc8
21. Qxb5 Rxc2 22. a4 Qd4 23. a5 Rb2 24. Qg5 Bg4 25. Qe3 Qa4 26. Qxa7 Be2 27. Re1
Bxd3 28. Bd5 Qc2 29. Qxf7+ Kh6 30. Qf8+ Kg5 31. Qf4+ 1-0